000 00489cam a22002051 4500
001 sa 64003603
003 DLC
005 20260227112018.0
008 950206s1962 ii 000 1 tamo
010 _asa 64003603
035 _a(OCoLC)31945469
040 _aDLC
_cCU
_dCU
_dDLC
042 _apremarc
050 0 0 _aPL4758.9.M78
_bV5
100 1 _aMurthy, V. K.,
_d1926-
245 1 0 _aVīṇaiyin̲ nātam.
260 _c[1962]
300 _aix, 256 p.
_c19 cm.
500 _aIn Tamil.
999 _c58022
_d58022